000 00269nam a2200121Ia 4500
008 241015s9999 xx 000 0 und d
041 _aeng
082 _a954 EVA
100 _aAndrew Evans
245 _aUkraine
260 _bBradt
_aUSA
_c2010
300 _a440;. P. 22 cm
999 _c41667
_d41667